000 01528naa a22003377a 4500
001 BR9506416
003 BR-BrBNA
005 20240918181333.0
007 ta
008 230509b bl.||||| |||| 00| 0 por d
040 _aBR-BrBNA
_bpor
_cBiblioteca Nacional de Agricultura
041 _a(Pt)
072 _aE14
090 _aE14 BR9506416
100 1 _aBitoun, J.
100 1 _aGuimaraes Neto, L.
100 1 _aAraujo, T.B. de
111 1 _aConferencia Internacional sobre Impactos de Variacoes Climaticas e Desenvolvimento Sustentavel em Regioes Semi-Aridas
_cFortaleza, CE (Brazil)
_d27 Jan - 1 Feb 1992
245 1 _aAmazonia e nordeste: os tropicos brasileiros e o desenvolvimento auto-sustentavel
260 3 _aFortaleza, CE (Brasil):
_c1992.
500 _aMagalhaes, A.R.(ed.) Anais da Conferencia Internacional sobre Impactos de Variacoes Climaticas e Desenvolvimento Sustentavel em Regioes Semi-Aridas Fortaleza, CE (Brasil): 1992. v. 7 p. 2301-2349 (BR9506416-AM)E14
650 _aIndicador Economico
650 _aIndicador Social
650 _aMigracao Rural
650 _aMeio Ambiente
650 _aDesenvolvimento Sustentavel
650 _aAmazonia
773 0 _tAnais da Conferencia Internacional sobre Impactos de Variacoes Climaticas e Desenvolvimento Sustentavel em Regioes Semi-Aridas
_aMagalhaes, A.R.(ed.). Governo do Estado do Ceara, Fortaleza (Brasil)
_wE14 BR9506416
_gFortaleza, CE (Brasil), 1992. v. 7 p. 2301-2349
909 _a202404
_bLucia
_c55
_dLucia Elande
942 _cAM
_2AGRIS
999 _c324824
_d324824